La aldea = The Village /

Salvato in:
Dettagli Bibliografici
Autore principale: Shyamalan, M. Night (realización)
Altri autori: Howard, Bryce Dallas (actuación) (actuación), Phoenix, Joaquin (actuación) (actuación), Hurt, William (actuación) (actuación)
Natura: Videodisco
Lingua:inglese
Soggetti:
Tags: Aggiungi Tag
Nessun Tag, puoi essere il primo ad aggiungerne!!

MARC

LEADER 00000ngm^a2200000^a^4500
001 000325900
005 20250521000000.0
009 20260526140507.012
037 |a Acervo ITESO - Biblioteca 
041 |a ING 
082 |a 810.  |b SHY 
100 |a Shyamalan, M. Night  |e (realización) 
245 1 3 |a La aldea =  |b The Village /  |c Realización de M.N. Shyamalan. 
264 2 |a México :  |b Buena Vista [distribución], 
300 |a 1 DVD regiones 1 y 4  |c (108 min.) 
336 |a imagen móvil bidimensional  |b tdi  |2 rdacontenido 
337 |a video  |b v  |2 rdamedio 
338 |a videodisco  |b vd  |2 rdasoporte 
546 |a En inglés, con subtítulos opcionales: español, inglés, portugués 
546 |a Doblaje opcional: español, portugués 
649 |a XX 
650 |a Películas de Suspenso y Terror 
650 |a Cine Norteamericano -  |y 2000-2009 
650 |a Cine Norteamericano -  |y Siglo XXI 
650 |a Bosques 
650 |a Espíritus 
650 |a Creencias 
650 |a Aislamiento Social 
700 |a Howard, Bryce Dallas  |e (actuación) 
700 |a Phoenix, Joaquin  |e (actuación) 
700 |a Hurt, William  |e (actuación) 
910 |a Fondo General 
920 |a Audiovisuales - DVDs 
940 |a Películas 
905 |a 302 
901 |a 0500216090  |b IT2  |c DVS  |i C134188  |u 20250521 
902 |a https://opac.biblio.iteso.mx/vufind/Record/000325900